Priorities for local delivery vehicles (Record no. 117166)
[ view plain ]
| 000 -LEADER | |
|---|---|
| fixed length control field | 00946cam a2200193 4500 |
| 001 - CONTROL NUMBER | |
| control field | ABS67670 |
| 008 - FIXED-LENGTH DATA ELEMENTS--GENERAL INFORMATION | |
| fixed length control field | 040402n2004 000 0 eng u |
| 035 ## - SYSTEM CONTROL NUMBER | |
| System control number | (Sirsi) u125736 |
| 100 ## - MAIN ENTRY--PERSONAL NAME | |
| Personal name | Walker, J. |
| 245 ## - TITLE STATEMENT | |
| Title | Priorities for local delivery vehicles |
| 260 ## - PUBLICATION, DISTRIBUTION, ETC. | |
| Date of publication, distribution, etc. | 2004 |
| 490 ## - SERIES STATEMENT | |
| Series statement | Town and Country Planning |
| Volume/sequential designation | 73(3) March 2004, 84-87(4) |
| 520 ## - SUMMARY, ETC. | |
| Summary, etc. | Suggests that key priorities for Local Delivery Vehicles (LDVs) should include a co-ordinated planning process, assessing infrastructure requirements, funding, understand land ownership pattern, land value and involvement of stakeholders at the delivery stage and environmental sustainability. Identifies six desirable features and functions of a LDV. Discusses land value capture and infrastructure delivery through a strategic land and infrastructure contract. |
| 590 ## - LOCAL NOTE (RLIN) | |
| Local note | ABS |
| 590 ## - LOCAL NOTE (RLIN) | |
| Local note | ABS |
| 650 ## - SUBJECT ADDED ENTRY--TOPICAL TERM | |
| Topical term or geographic name entry element | PUBLIC PRIVATE PARTNERSHIPS |
| 690 ## - LOCAL SUBJECT ADDED ENTRY--TOPICAL TERM (OCLC, RLIN) | |
| Topical term or geographic name as entry element | REGENERATION |
| 942 ## - ADDED ENTRY ELEMENTS (KOHA) | |
| Suppress in OPAC | 0 |
| Withdrawn status | Lost status | Source of classification or shelving scheme | Damaged status | Not for loan | Home library | Current library | Shelving location | Date acquired | Total Checkouts | Full call number | Barcode | Date last seen | Copy number | Price effective from | Koha item type |
|---|---|---|---|---|---|---|---|---|---|---|---|---|---|---|---|
| Dewey Decimal Classification | London | London | Journal article | 02/04/2004 | ABS67670 | 125736-1001 | 06/08/2019 | 1 | 06/08/2019 | Journal article |